000 00571nam a2200145Ia 4500
008 150609s9999 xx 000 0 und d
050 _aLC 4704.5
_b.R175 2015
100 _aRamos, Zach C.
245 2 _aA case study on the sibling rivalry that exist among students with intellectual disability /
_cZach C. Ramos.
260 _aLas Piñas, Philippines :
_bSISC,
_c2015.
300 _a35 pages :
_billustrations ;
_c28 cm.
500 _aIncludes bibliographical references and appendices.
650 _aBehavior disorders in children
650 _aSocial skills in children
999 _c285053
_d285053